000 01211nam a22002297a 4500
003 OSt
005 20181206084455.0
008 180307b xxu||||| |||| 00| 0 spa d
020 _a9509606065
040 _cPJ
100 _9263
_aHighton, Elena I.
245 1 0 _aHipoteca en moneda extranjera /
_cElena I. Highton
260 _aBuenos Aires :
_bAd-Hoc,
_c1989.
300 _a80 p.
_c19 cm.
500 _aNotas y citas a pie de página.
505 _aContenido: I. Introducción -- II. Hipoteca y crédito -- III. Moneda y dinero -- IV. Juicio hipotecario -- V. Çaso especial del crédito en moneda extranjera -- VI. La disposición técnico registral nº 8/87 de la provincia de Buenos Aires -- VII. ¿No hay diferencia entre el caso de moneda extranjera utilizada como módulo de ajuste y moneda extranjera como objeto de la prestación ? -- VIII. La diferencia es la brecha cambiaría y la eventual prohibición de adquirir divisas -- IX. Registro de hipotecas y función calificadora del registrador -- X. Conclusiones.
650 0 _9352
_aDERECHO CIVIL
650 0 _91821
_aDERECHOS REALES
650 0 _91819
_aHIPOTECA
650 0 _93470
_aMONEDA EXTRANJERA
942 _2udc
_cLIB
_h347.27
_iHIG
999 _c2234
_d2234